Pays mystères #1 - Statistiques

Statistiques générales
  • Ce quiz a été pris 428 fois
  • Le résultat moyen est 11 sur 15
Statistiques - réponses
Lettres Pays % Correct
ailm Mali
96%
mano Oman
96%
ypgtee Égypte
94%
hnice Chine
89%
andaac Canada
87%
ancref France
87%
issreu Russie
86%
ourpe Pérou
81%
letiai Italie
79%
srateliua Australie
69%
lmngoeio Mongolie
66%
laiers Israël
62%
namrueio Roumanie
55%
setusina États-Unis
31%
ucdrdeoseu Corée du Sud
22%
Aucun quiz correspondant
Distribution des résultats
% des personnes avec chaque résultat
Percentile par nombre de réponses
Votre historique - résultats
Vous n’avez pas pris ce quiz